000 01774nam0a2200397 i 4500
001 RU\NLR\BIBL_A\011128568
005 20241104064621.0
010 _a9785431602665
_9500
021 _aRU
_b2016-33125
_92127
035 _a(NILC)RuMoRGB-008462657
035 _a(NLR Aleph) 011128568
090 _a11554922
_c11554922
100 _a20160513d2015 km y0rusy50 ca
101 0 _arus
102 _aRU
105 _aa|||z||||01yy
200 1 _aАэрокосмические визуальные пространственно-временные системы
_fВ. И. Бусурин, С. Ю. Желтов, И. С. Кудрявцев
_g[МАИ]
210 _aМосква
_cИзд-во МАИ
_d2015
215 _a198, [1] с.
_cил.
_d21
225 1 _aНаучная библиотека
320 _aБиблиогр.: с. 187-196 (132 назв.)
606 1 _aГеоинформационные системы
_xПространственные данные
_92302413
_3RU\NLR\AUTH\6601604780
606 1 _aАэрокосмические снимки
_xФотограмметрическая обработка
_92185354
_3RU\NLR\AUTH\661313919
606 _aDATA MINING, информационная система
_92243347
_3RU\NLR\AUTH\661345992
675 _a528
686 1 _aД8ф1
686 1 _aД17с51
686 1 _aД131.4
700 1 _aБусурин
_bВ. И.
_gВладимир Игоревич
701 1 _aЖелтов
_bС. Ю.
_gСергей Юрьевич
701 1 _7ca
_8rus
_aКудрявцев
_bП. С.
_cканд. техн. наук
_gПавел Сергеевич
_9160517
_3RU\NLR\AUTH\770160559
801 0 _aRU
_bРГБ
_c20160419
_gRCR
942 _cBOOK
980 _aNBR